| 000 | 00531nam a2200193Ia 4500 | ||
|---|---|---|---|
| 005 | 20250326144940.0 | ||
| 008 | 250326s9999 xx 000 0 und d | ||
| 020 | _a0-324-00724-8 | ||
| 037 | _aTextbook | ||
| 040 |
_aFMSL _beng _cFMSL |
||
| 041 |
_aeng _2eng |
||
| 084 |
_aX:9 P1 _qFMSL |
||
| 100 |
_aBohlander G _9750361 |
||
| 245 | 0 |
_aManaging human resources _cBohlander G |
|
| 260 |
_aUnited Kingdom _bUnited Kingdom, South-Western _c2001 |
||
| 300 | _a766p | ||
| 942 |
_cTB _hX:9 P1 |
||
| 999 |
_c1305757 _d1305757 |
||